Giải số bằng Matlab : Luận văn thạc sĩ toán học. Chuyên ngành : Giải tích

Luận văn trình bày các chương trình thuật toán trong chương trình môn Phương pháp tính cổ điển như khai triển Taylor, phương pháp Newton-Raphson,...Giải một số phương trình vi phân bằng phương pháp Euler, Runge-Kutta,......

সম্পূর্ণ বিবরণ

সংরক্ষণ করুন:
গ্রন্থ-পঞ্জীর বিবরন
প্রধান লেখক: Nguyễn, Văn Lâm
বিন্যাস: গ্রন্থ
ভাষা:Undetermined
প্রকাশিত: Cần Thơ Trường Đại học Cần Thơ 2010
বিষয়গুলি:
ট্যাগগুলো: ট্যাগ যুক্ত করুন
কোনো ট্যাগ নেই, প্রথমজন হিসাবে ট্যাগ করুন!
Thư viện lưu trữ: Trung tâm Học liệu Trường Đại học Cần Thơ
LEADER 01202nam a2200229Ia 4500
001 CTU_157329
008 210402s9999 xx 000 0 und d
082 |a 518 
082 |b L120 
088 |a 604601 
100 |a Nguyễn, Văn Lâm 
245 0 |a Giải số bằng Matlab : 
245 0 |b Luận văn thạc sĩ toán học. Chuyên ngành : Giải tích 
245 0 |c Nguyễn Văn Lâm; Đặng Đức Trọng (Hướng dẫn khoa học) 
260 |a Cần Thơ 
260 |b Trường Đại học Cần Thơ 
260 |c 2010 
520 |a Luận văn trình bày các chương trình thuật toán trong chương trình môn Phương pháp tính cổ điển như khai triển Taylor, phương pháp Newton-Raphson,...Giải một số phương trình vi phân bằng phương pháp Euler, Runge-Kutta,... 
650 |a Numerical analysis,Differential equations,MATLAB,Phân tích số,Phương trình vi phân 
650 |x Data processing,Data processing,Xử lý dữ liệu,Xử lý dữ liệu 
904 |i Năm 
980 |a Trung tâm Học liệu Trường Đại học Cần Thơ